Champion des champions français de L'Equipe - Statistiques

Statistiques générales
  • Ce quiz a été pris 101 fois
    78 depuis la dernière actualisation
  • Le résultat moyen est 31 sur 64
Statistiques - réponses
Réponse % Correct
Michel Platini
92%
Teddy Riner
92%
Kylian Mbappé
90%
Zinédine Zidane
90%
Tony Parker
87%
Alain Prost
85%
Florent Manaudou
82%
Laure Manaudou
82%
Sébastien Loeb Daniel Elena
82%
Nikola Karabatic
80%
Yannick Noah
78%
Bernard Hinault
73%
Julian Alaphilippe
73%
Raymond Kopa
72%
Renaud Lavillenie
72%
Marie-José Pérec
70%
David Douillet
68%
Kevin Mayer
68%
Alain Bernard
67%
Christophe Lemaitre
67%
Caroline Garcia
65%
Jeannie Longo
65%
Marion Bartoli
65%
Jacques Anquetil
63%
Guy Forget Henri Leconte
60%
Raymond Poulidor
58%
Pauline Ferrand-Prévot
55%
Luc Alphand
53%
Alain Giresse
52%
Camille Muffat
50%
Guy Drut
50%
Jackson Richardson
50%
Louison Bobet
50%
Bernard Thévenet
48%
Clarisse Agbegnenou
48%
Jean-Claude Killy
47%
Alain Mimoun
45%
Marcel Cerdan
45%
Tessa Worley
45%
Ladji Doucouré
42%
Eunice Barber
33%
Jean-François Lamour
33%
Florence Arthaud
30%
François Cevert
30%
Luc Leblanc
30%
Carole Montillet
28%
Michel Jazy
25%
Daniel Morelon
23%
Jean Boiteux
23%
Christian d'Oriola
22%
Max Morinière
Daniel Sangouma
Jean-Charles Trouabal
Bruno Marie-Rose
22%
Émilie Andéol
18%
Marielle Goitschel
18%
Jean-Claude Bouttier
17%
Alain Mosconi
8%
Lucien Mias
8%
Puig-Aubert
8%
Régis Ovion
8%
Roger Rivière
8%
Guy Périllat
7%
Jean-Claude Nallet
7%
Jean Séphériades
7%
Nicole Duclos
7%
Papa Gallo Thiam
5%
Aucun quiz correspondant
Distribution des résultats
% des personnes avec chaque résultat
Percentile par nombre de réponses
Votre historique - résultats
Vous n’avez pas pris ce quiz depuis la dernière actualisation